00598cam a22001692 4500001001100000005001700011008004100028020001700069040001500086050002200101100002900123245006200152260009800214300001700312650005600329650004300385000000331320151217151922.0070503s xx 000 0 eng d a0745317693 : aKABUcKABU 0aHV1337b.G84 20011 aGuest, Emma.@000015311810aChildren of AIDS :bAfrica's orphan crisis /cEmma Guest. aLondon :bPluto Press ;aPietermaritzaburg, South Africa :bUniversity of Natal Press,c2001. axiii, 176 p. 0aAIDS (Disease)xSocial aspectszAfrica.@0000153119 0aOrphansxServiceszAfrica.@0000153120